Najbogatsze kraje świata. - Statystyki

Ogólne statystyki
  • Ten quiz został rozwiązany 83 razy
  • Średni wynik to 20 z 30
Statystyki odpowiedzi
PKT
W
RANKINGU:
NAZWA
PAŃSTWA:
% Poprawnych
109.6 Stany Zjednoczone
99%
77.9 Francja
86%
74.0 Hiszpania
82%
92.0 Niemcy
82%
68.6 Polska
80%
79.3 Japonia
79%
79.6 Włochy
78%
113.4 Norwegia
75%
91.5 Szwecja
75%
87.3 Kanada
72%
134.0 Szwajcaria
72%
85.4 Wielka Brytania
71%
103.8 Dania
67%
87.2 Finlandia
67%
87.8 Belgia
64%
84.4 Korea Południowa
64%
88.9 Australia
63%
71.1 Portugalia
63%
96.4 Austria
62%
97.7 Holandia
62%
62.7 Słowacja
59%
75.3 Czechy
58%
190.7 Irlandia
58%
64.8 Chorwacja
54%
75.0 Słowenia
50%
75.0 Litwa
46%
63.5 Łotwa
46%
80.5 Nowa Zelandia
46%
72.9 Estonia
45%
76.9 Izrael
30%
Nie znaleziono quizów pasujących do podanych kryteriów
Rozkład punktacji
Procent ludzi z każdym wynikiem
Percentyl według liczby udzielonych odpowiedzi
Twoja historia wyników
Nie rozwiązałeś tego quizu